| 000 | 00607nam a22001577a 4500 | ||
|---|---|---|---|
| 003 | OSt | ||
| 005 | 20150927143716.0 | ||
| 008 | 150927b xxu||||| |||| 00| 0 eng d | ||
| 040 | _cRUA | ||
| 082 | _aAGR BON 2011 B050 Or.1 | ||
| 100 |
_91418 _aBON, BEUNY |
||
| 245 | _aGenotypie performance of early maturity rice in two different water conditions ការសំដែងកម្មនៃពូជស្រូវស្រាលក្នុងលក្ខខណ្ឌទឹកពីរៀផ្សេងគ្នា | ||
| 260 |
_aPhnom Penh _bRUA _c2011 |
||
| 300 |
_ax, 55p. _bill. _c29cm. |
||
| 942 |
_2ddc _cAGR |
||
| 999 |
_c1333 _d1333 |
||